书目信息 |
| 题名: |
疫苗设计
|
|
| 作者: | 瑞普莱 , 巴尼奥利 编著 ;刘永生 译 | |
| 分册: | ||
| 出版信息: | 北京 中国农业科学技术出版社 2013.06 |
|
| 页数: | 420页 | |
| 开本: | 27cm | |
| 丛书名: | ||
| 单 册: | ||
| 中图分类: | R979.9 | |
| 科图分类: | ||
| 主题词: | 疫苗--研究 , 疫苗 | |
| 电子资源: | ||
| ISBN: | 978-7-5116-1266-3 | |
| 000 | 01305nam0 2200313 450 | |
| 001 | 0120131147573 | |
| 005 | 20140611152310.14 | |
| 010 | @a978-7-5116-1266-3@b精装@dCNY98.00 | |
| 100 | @a20131015d2013 em y0chiy0110 ea | |
| 101 | 1 | @achi@cita |
| 102 | @aCN@b110000 | |
| 105 | @aafk z 000yy | |
| 106 | @ar | |
| 200 | 1 | @a疫苗设计@9yi miao she ji@e新途径和新策略@dVaccine design@einnovative approaches and novel strategies@f(意)Rino Rappuoli,(意)Fabio Bagnoli编著@g刘永生译@zeng |
| 210 | @a北京@c中国农业科学技术出版社@d2013.06 | |
| 215 | @a420页@c图,图版(2页)@d27cm | |
| 300 | @a中国农业科学院兰州兽医研究所(LVRI) 家畜疫病病原生物学国家重点实验室(SKL)资助出版 | |
| 330 | @a本书共分为十六章,主要内容包括:疫苗设计策略概述;基因组学时代的疫苗设计;测量抗体免疫保护能力的新方法;唐偶联疫苗在化学领域中的新进展等。 | |
| 333 | @a疫苗研究人员 | |
| 510 | 1 | @aVaccine design@einnovative approaches and novel strategies@zeng |
| 517 | 1 | @a新途径和新策略@9xin tu jing he xin ce lue |
| 606 | 0 | @a疫苗@x研究 |
| 606 | 0 | @a疫苗 |
| 690 | @aR979.9@v5 | |
| 701 | 0 | @c(意)@a瑞普莱@9rui pu lai@c(Rappuoli, Rino)@4编著 |
| 701 | 0 | @c(意)@a巴尼奥利@9ba ni ao li@c(Bagnoli, Fabio)@4编著 |
| 702 | 0 | @a刘永生@9liu yong sheng@4译 |
| 801 | 0 | @aCN@b人天书店@c20131015 |
| 905 | @b549271-73@dR979.9@e91@f3 | |
| 疫苗设计:新途径和新策略=Vaccine design:innovative approaches and novel strategies/(意)Rino Rappuoli,(意)Fabio Bagnoli编著/刘永生译.-北京:中国农业科学技术出版社,2013.06 |
| 420页:图,图版(2页);27cm |
| 中国农业科学院兰州兽医研究所(LVRI) 家畜疫病病原生物学国家重点实验室(SKL)资助出版.-使用对象:疫苗研究人员 |
| ISBN 978-7-5116-1266-3(精装):CNY98.00 |
| 本书共分为十六章,主要内容包括:疫苗设计策略概述;基因组学时代的疫苗设计;测量抗体免疫保护能力的新方法;唐偶联疫苗在化学领域中的新进展等。 |
| ● |
| 相关链接 |
|
|
|
|
正题名:疫苗设计
索取号:R979.9/91
 
预约/预借
| 序号 | 登录号 | 条形码 | 馆藏地/架位号 | 状态 | 备注 |
| 1 | 549271 | 205492714 | 第二样本阅览室/ [索取号:R979.9/91] | 在馆 | |
| 2 | 549272 | 205492723 | 密集书库-生命科学系/ [索取号:R979.9/91] | 在馆 | |
| 3 | 549273 | 205492732 | 第三借阅区/ [索取号:R979.9/91] | 在馆 |